[Event "PAR-ch sf"]
[Site "Asuncion"]
[Date "2023.11.04"]
[Round "7"]
[White "Riline Orso, Alejandro"]
[Black "Ayala Sanabria, Erick Benjamin"]
[Result "1-0"]
[WhiteElo "2051"]
[BlackElo "1394"]
[PlyCount "83"]
[EventDate "2023.10.27"]
[EventType "swiss"]
[EventRounds "9"]
[EventCountry "PAR"]
[SourceTitle "CB48_2023"]
[SourceDate "2023.11.29"]
[SourceVersion "1"]
[SourceVersionDate "2023.11.29"]
[SourceQuality "1"]

1. d4 d5 2. c4 c6 3. Nf3 Nf6 4. Nc3 e6 5. cxd5 cxd5 6. Bg5 Bd6 7. e3 h6 8. Bh4 0-0 9. Bd3 Nc6 10. 0-0 b6 11. Rc1 Bb7 12. a3 Rc8 13. Qe2 Be7 14. Rc2 Ne4 15. Bxe7 Nxe7 16. Rfc1 Qd6 17. Bxe4 dxe4 18. Nd2 f5 19. Nc4 Qd8 20. Ne5 Nc6 21. Nb5 Nxe5 22. dxe5 Ba6 23. Rxc8 Qxc8 24. Rxc8 Rxc8 25. h4 Rc5 26. a4 Rxe5 27. Qc4 Bxb5 28. axb5 Kh7 29. Qc6 Rc5 30. Qe8 Rc1+ 31. Kh2 Rc2 32. b3 Rxf2 33. Qxe6 Rf1 34. h5 Kh8 35. Qc4 Rb1 36. Qc8+ Kh7 37. Qxf5+ Kh8 38. Qf7 Re1 39. Qe8+ Kh7 40. Qxe4+ Kg8 41. Kg3 Ra1 42. Qd5+ 1-0

[Event "PAR-ch U20"]
[Site "Asuncion"]
[Date "2023.06.02"]
[Round "1"]
[White "Caceres Benitez, Fernando Israel"]
[Black "Ayala Sanabria, Erick Benjamin"]
[Result "1-0"]
[WhiteElo "1771"]
[BlackElo "1131"]
[PlyCount "103"]
[EventDate "2023.06.02"]
[EventType "swiss"]
[EventRounds "7"]
[EventCountry "PAR"]
[SourceTitle "CBM 214 Extra"]
[Source "ChessBase"]
[SourceDate "2023.07.31"]
[SourceVersion "1"]
[SourceVersionDate "2023.07.31"]
[SourceQuality "1"]

1. e4 c5 2. Nf3 d6 3. d4 cxd4 4. Nxd4 Nf6 5. Nc3 g6 6. Be3 Bg7 7. Be2 0-0 8. Qd2 Nc6 9. 0-0-0 Be6 10. Kb1 d5 11. Nxe6 fxe6 12. exd5 exd5 13. Nxd5 Ne4 14. Qe1 e6 15. Bc4 Kh8 16. Nf4 Qf6 17. Bc1 Nxf2 18. Qxf2 e5 19. Rhf1 exf4 20. Qxf4 Qe7 21. Qd6 Qxd6 22. Rxd6 Rxf1 23. Bxf1 Re8 24. Rd1 a6 25. c3 Rf8 26. Be3 Re8 27. Bb6 Bf6 28. Kc2 Re7 29. g3 Kg7 30. Bg2 Kh6 31. Bc5 Re5 32. Bf8+ Kg5 33. Bf3 Re8 34. Bd6 Be5 35. Bxc6 bxc6 36. Re1 Kf6 37. Rf1+ Kg7 38. Re1 Kf6 39. Bxe5+ Rxe5 40. Rxe5 Kxe5 41. Kd3 Kd5 42. b4 c5 43. c4+ Kd6 44. bxc5+ Kxc5 45. Kc3 a5 46. a4 h6 47. h3 g5 48. g4 Kc6 49. Kd4 Kd6 50. c5+ Kc6 51. Kc4 Kc7 52. Kb5 1-0

[Event "Asuncion zt 2.5"]
[Site "Asuncion"]
[Date "2023.03.08"]
[Round "6"]
[White "Ayala Sanabria, Erick Benjamin"]
[Black "Navarro Canete, Facundo Javier"]
[Result "1-0"]
[WhiteElo "1045"]
[BlackElo "1224"]
[PlyCount "137"]
[EventDate "2023.03.05"]
[EventType "swiss"]
[EventRounds "9"]
[EventCountry "PAR"]
[SourceTitle "CBM 213 Extra"]
[Source "ChessBase"]
[SourceDate "2023.05.31"]
[SourceVersion "1"]
[SourceVersionDate "2023.05.31"]
[SourceQuality "1"]

1. d4 Nf6 2. Nf3 g6 3. Bf4 Bg7 4. Nbd2 d6 5. e4 0-0 6. c3 Nbd7 7. h3 Re8 8. Bh2 a5 9. Bd3 e5 10. d5 Nc5 11. Bb5 Bd7 12. Bxd7 Qxd7 13. Qc2 c6 14. b4 Na6 15. Nc4 Qc7 16. bxa5 cxd5 17. Nb6 Rad8 18. exd5 Nd7 19. Rb1 Nxb6 20. axb6 Qc4 21. Qd2 e4 22. Nd4 Qxd5 23. 0-0 Nc5 24. Bf4 Ra8 25. Rb2 Nd3 26. Rc2 Nxf4 27. Qxf4 Bxd4 28. cxd4 Qxd4 29. Rc7 Qd5 30. Ra1 Rf8 31. a4 Qd4 32. Rb1 Rxa4 33. Rxb7 Ra6 34. Qe3 Qd5 35. Rc7 Qa8 36. Ra7 Rxa7 37. bxa7 Qc6 38. Qb6 Qa8 39. Qb8 Qd5 40. Qxf8+ Kxf8 41. Rb8+ Kg7 42. a8Q Qd1+ 43. Kh2 Qd2 44. Qxe4 Qxf2 45. Rb4 Kf6 46. Qh4+ Qxh4 47. Rxh4 h5 48. Kg3 Ke5 49. Kf3 d5 50. Ke3 f5 51. Ra4 g5 52. g3 Kf6 53. h4 g4 54. Kf4 Ke6 55. Ra6+ Kf7 56. Kxf5 Kg7 57. Ra4 Kh6 58. Rd4 Kh7 59. Rxd5 Kh6 60. Rd6+ Kg7 61. Kg5 Kf7 62. Kxh5 Kg7 63. Kxg4 Kf7 64. Kf5 Kg7 65. Rf6 Kh7 66. Rg6 Kh8 67. Kf6 Kh7 68. Kf7 Kh8 69. Rh6# 1-0